Návrh optimálneho modelu na vybrané prvky marketingového mixu v čase krízy na základe analýzy spoločnosti Profesia, spol. s r.o. bakalárska práca

Gespeichert in:
Bibliographische Detailangaben
1. Verfasser: Gálffyová, Monika
Körperschaft: Obchodná fakulta EU. Katedra marketingu
Weitere Verfasser: Lukačovičová, Zuzana
Format: Buch
Sprache:Slowakisch
Veröffentlicht: Bratislava 2011
Tags: Tag hinzufügen
Keine Tags, Fügen Sie das erste Tag hinzu!

MARC

LEADER 00000nbm a2200000 4500
001 0150835
005 20120523125208.6
041 0 |a slo 
044 |a SK 
245 1 0 |a Návrh optimálneho modelu na vybrané prvky marketingového mixu v čase krízy na základe analýzy spoločnosti Profesia, spol. s r.o.  |b bakalárska práca  |c Monika Gálffyová ; školiteľ: Zuzana Lukačovičová 
264 1 |a Bratislava  |c 2011 
300 |a 47 s. 
100 1 |a Gálffyová, Monika 
700 1 |a Lukačovičová, Zuzana 
710 2 |a Obchodná fakulta EU. Katedra marketingu